Aniversario de Cervantes (Record no. 23878)

MARC details
000 -LEADER
campo de control de longitud fija 00880nam a2200205 i 4500
001 - NÚMERO DE CONTROL
campo de control 23878
003 - IDENTIFICADOR DE NÚMERO DE CONTROL
campo de control ES-MaACL
005 - FECHA Y HORA DE LA ÚLTIMA TRANSACCIÓN
campo de control 20240207200420.0
007 - CAMPO FIJO DE DESCRIPCIÓN FÍSICA--INFORMACIÓN GENERAL
campo de control de longitud fija t|
008 - DATOS DE LONGITUD FIJA--INFORMACIÓN GENERAL
campo de control de longitud fija 021213s1874 sp ||||1| spa d
245 00 - MENCIÓN DEL TÍTULO
Título Aniversario de Cervantes
Resto del título : fiesta literaria verificada en el Instituto de Cádiz para conmemorar la muerte del Príncipe de los Ingenios, 1616-1874.
260 ## - PUBLICACIÓN, DISTRIBUCIÓN, ETC.
Lugar de publicación, distribución, etc. Cádiz :
Nombre del editor, distribuidor, etc. [s.n.],
Fecha de publicación, distribución, etc. 1874 (
Fabricante Tip. La Mercantil de José Rodriguez y Rodriguez)
300 ## - DESCRIPCIÓN FÍSICA
Extensión VIII, 69 p. ;
Dimensiones 21 cm.
530 ## - NOTA DISPONIBLE DE FORMULARIO FÍSICO ADICIONAL
Nota de formato físico adicional disponible Disponible en formato digital.
600 #0 - PUNTO DE ACCESO ADICIONAL DE MATERIA--NOMBRE DE PERSONA
Nombre de persona Cervantes Saavedra, Miguel de,
Fechas asociadas al nombre 1547-1616-
Calificador de atribución Aniversarios y centenarios
9 (RLIN) 221674
710 2# - ENTRADA AGREGADA--NOMBRE DE ENTIDAD CORPORATIVA
Nombre de entidad corporativa o nombre de jurisdicción como elemento de entrada Instituto Provincial de Segunda Enseñanza de Cádiz.
9 (RLIN) 144996
852 ## - LOCALIZACIÓN
Ubicación ES-MaACL
Número de control de estantería T-165-F-3
856 ## - LOCALIZACIÓN Y ACCESO ELECTRÓNICOS
Identificador Uniforme de Recursos <a href="http://bdh-rd.bne.es/viewer.vm?id=0000191345&page=1 ">http://bdh-rd.bne.es/viewer.vm?id=0000191345&page=1 </a>
Nota pública Biblioteca Digital Hispánica
Holdings
Estatus retirado Estado de pérdida Estado de daño No para préstamo Colección Biblioteca de origen Biblioteca actual Ubicación en estantería Fecha de adquisición Fuente de adquisición Total de préstamos Signatura topográfica completa Código de barras Visto por última vez Precio de reemplazo Tipo de ítem Koha
        Colección de folletos Biblioteca del Ateneo de Madrid Biblioteca del Ateneo de Madrid Depósito folletos 17/01/2008     T-165-F-3 1024608 23/02/2023 23/02/2023 Folleto